| 000 | 00367nam a22001337a 4500 | ||
|---|---|---|---|
| 082 |
_a621.381 _bLIN _cL-11, P-127 |
||
| 100 |
_aLin, H.C _941506 |
||
| 245 | _aIntegrated electronics / | ||
| 260 |
_aLondon: _bHolden Day, Inc., _cc1967 |
||
| 300 |
_axiii, 490 p,; _bdiagram.: _c22cm |
||
| 526 |
_a0 _b0 _c0 _d621_381000000000000_LIN |
||
| 650 |
_aMCE _9379 |
||
| 942 |
_2ddc _cBK |
||
| 999 |
_c545598 _d545598 |
||